| 000 | 01054nam a22003377a 4500 | ||
|---|---|---|---|
| 003 | CHAP | ||
| 005 | 20220329143719.0 | ||
| 008 | 110328s1980 es a r 00010 spa d | ||
| 010 | _a100767 | ||
| 011 | _a101739 | ||
| 020 | _a8427300739 | ||
| 035 | _a112427 | ||
| 040 | _cCHAP | ||
| 082 | 0 | 4 |
_a540.14 _bC31 1980 |
| 100 | 1 |
_aCavanillas, José María. _920594 |
|
| 245 | 1 | 0 |
_aNomenclatura y formulación químicas _c/por José María Cavanillas |
| 250 | _a14 ed. | ||
| 260 |
_aMadrid, : _bEditorial Dossat, _c1980 |
||
| 300 |
_a111 p. : _bilus. |
||
| 590 |
_aBATCH-UPD _b10 _c20130110 _lUCH01 _h1133 |
||
| 590 |
_aBATCH-UPD _b10 _c20130410 _lUCH01 _h0722 |
||
| 590 |
_aBATCH-UPD _b10 _c20130914 _lUCH01 _h0902 |
||
| 590 |
_aCONVERSION _b10 _c20130109 _lUCH01 _h1356 |
||
| 650 | 1 | 4 |
_aEstequiometría. _938289 |
| 650 | 1 | 4 |
_aEstructura atómica. _938482 |
| 650 | 1 | 4 |
_aQuímica _xFórmulas. _993561 |
| 650 | 1 | 4 |
_aQuímica _xTablas. _993573 |
| 901 | _aBK | ||
| 942 | _cLIBRO | ||
| 949 |
_a540.14 C31 _bBC _cLIBRO _d33724002236512 _eLIBRO _f1980 _h114484 _i112427 _si |
||
| 999 |
_c100767 _d100767 |
||